Pierre Garnier - Adieu, nous deux [paroles] - Statistiques

Statistiques générales
  • Ce quiz a été pris 99 fois
  • Le résultat moyen est 69 sur 114
Statistiques - réponses
Nombres Mots % Correct
7 à
98%
2 a
98%
1 de
96%
7 adieu
93%
8 nous
93%
13 on
93%
1 au
91%
15 deux
89%
3 et
89%
1 le
87%
1 que
87%
2 qui
87%
1 s'en
87%
8 eux
84%
1 ai
82%
8 aurait
82%
2 des
82%
5 était
82%
3 la
82%
8 pu
82%
1 un
82%
6 les
80%
2 par
80%
7 sans
80%
1 si
80%
4 tenir
80%
1 peau
78%
1 peu
78%
3 sur
78%
2 trop
78%
1 avant
76%
1 choses
76%
1 je
76%
2 qu'est-ce
76%
1 se
76%
1 sûrement
76%
1 vrai
76%
1 faux
73%
3 nos
73%
1 part
73%
1 avec
71%
2 mais
71%
1 autres
69%
1 défauts
69%
1 écoutés
69%
1 fait
69%
1 j'avais
69%
1 quand
69%
2 son
69%
2 chacun
67%
2 chemin
67%
3 choisir
67%
2 maintenant
67%
1 parano
67%
2 reprend
67%
1 ça
64%
1 milieu
64%
1 rend
64%
1 nous-même
62%
1 beaux
60%
1 en
60%
1 j'les
60%
1 reste
60%
1 ta
60%
1 dis-moi
58%
1 fautes
58%
1 mêlent
58%
1 plus
53%
1 sel
53%
1 vidéos
53%
1 d'avant
51%
1 pareil
49%
2 souvenirs
49%
1 y
49%
1 c'est
47%
1 d'égo
47%
1 imparfaits
47%
1 j'me
47%
1 mer
47%
1 c'qu'il
44%
1 mauvais
44%
1 rappelle
44%
1 photos
42%
1 poussière
42%
3 dans
40%
1 non
40%
1 p't-être
40%
1 t'ai
40%
1 tous
40%
3 leurs
38%
1 ont
38%
1 regards
38%
1 visages
38%
1 avis
36%
1 changé
36%
1 entachés
36%
1 maux
36%
1 pour
36%
1 taire
36%
1 ne
33%
1 seul
33%
1 envies
31%
1 fini
31%
1 détruire
29%
1 fuir
29%
1 nuit
29%
1 portraits
29%
1 perdu
27%
1 qu'on
27%
1 vue
27%
1 l'avenir
24%
1 s'est
24%
1 vivra
24%
1 dessinait
22%
Aucun quiz correspondant
Distribution des résultats
% des personnes avec chaque résultat
Percentile par nombre de réponses
Votre historique - résultats
Vous n’avez pas pris ce quiz